Tulsa International Airport Destinations (Tulsa, OK, USA) - Statistics

General Stats
  • This quiz has been taken 110 times
    43 since last reset
  • The average score is 19 of 23
Answer Stats
Airline Destination % Correct
Delta Air Lines Atlanta
94%
Southwest Airlines Chicago (Midway)
94%
American Eagle/United Express Chicago (O'Hare)
94%
American Airlines/American Eagle Dallas/Fort Worth
94%
Southwest Airlines Dallas (Love)
94%
Southwest Airlines Houston (Hobby)
94%
United Airlines/United Express Houston (Intercontinental)
94%
Allegiant Air/American Eagle Los Angeles
94%
Southwest Airlines/United Airlines/United Express Denver
91%
American Eagle Miami
91%
Southwest Airlines Orlando
88%
Allegiant Air Orlando/Sanford
88%
Southwest Airlines Austin
85%
American Eagle/Delta Connection New York (LaGuardia)
82%
Delta Connection Salt Lake City
82%
American Airlines/American Eagle Charlotte
79%
Allegiant Air/Southwest Airlines Las Vegas
76%
American Eagle/Southwest Airlines Phoenix (Sky Harbor)
76%
American Eagle Washington (National)
76%
Southwest Airlines St. Louis
70%
Southwest Airlines Nashville
67%
Allegiant Air St. Petersburg/ Clearwater
45%
Allegiant Air Destin/Fort Walton Beach
39%
No matching quizzes found
Score Distribution
Percent of People with Each Score
Percentile by Number Answered
Your Score History
You have not taken this quiz since the last reset